000
00331 a2200145 4500
001
169647
020
_a
040
_c
Magnum
100
_a
-
240
1
0
_a
Preguntas-respuestas para ninos: el zoo
_l
ESP
245
1
0
_a
Preguntas-respuestas para ninos: el zoo
362
0
_a
1899
697
_a
LITERATURA ESTRANGEIRA
942
_c
BK
999
_c
169647
_d
169647